Broad guidelines for preparation of project estimates for major irrigation and multipurpose projects (Record no. 483560)

000 -LEADER
fixed length control field 00436cam a22001217a 4500
008 - FIXED-LENGTH DATA ELEMENTS--GENERAL INFORMATION
fixed length control field 180718b1976 xxu||||| |||| 00| 0 eng d
082 ## - DEWEY DECIMAL CLASSIFICATION NUMBER
Classification number Y1182 B78
100 ## - MAIN ENTRY--PERSONAL NAME
Personal name Central Water Commission
245 ## - TITLE STATEMENT
Title Broad guidelines for preparation of project estimates for major irrigation and multipurpose projects
Statement of responsibility, etc. by Central Water Commission
260 ## - PUBLICATION, DISTRIBUTION, ETC.
Place of publication, distribution, etc. New Delhi
Name of publisher, distributor, etc. Central Water Commission
Date of publication, distribution, etc. 1976
300 ## - PHYSICAL DESCRIPTION
Extent 26p.
650 ## - SUBJECT ADDED ENTRY--TOPICAL TERM
Topical term or geographic name entry element Irrigation - India
Holdings
Withdrawn status Lost status Damaged status Not for loan Permanent Location Current Location Date acquired Full call number Barcode Date last seen Price effective from Koha item type
        Indian Institute of Public Administration Indian Institute of Public Administration 2018-08-04 Y1182 B78 GR14721 2018-08-04 2018-08-04 GR

Powered by Koha